[Event "OLOB 1920 Wiesbadener SV 1885 - SK Marb"]
[Site "?"]
[Date "2020.02.29"]
[Round "8.4"]
[White "Gottschalk, Jens"]
[Black "Henrich, Thomas"]
[Result "1-0"]
[WhiteElo "2259"]
[BlackElo "2141"]
[PlyCount "133"]
[EventDate "2020.??.??"]

1. d4 Nf6 2. c4 c5 3. d5 g6 4. Nc3 Bg7 5. g3 O-O 6. Bg2 e5 7. Nf3 d6 8. O-O
Nbd7 9. e4 h6 10. Ne1 a6 11. a4 Rb8 12. Nd3 Nh7 13. h3 f5 14. f4 exf4 15. Bxf4
Ne5 16. Nxe5 dxe5 17. Be3 Qd6 18. Qd2 g5 19. exf5 Bxf5 20. g4 Bg6 21. Be4 Rf4
22. Bxf4 exf4 23. Rae1 Bd4+ 24. Kg2 Nf8 25. Qd3 Be8 26. Bf5 Qb6 27. Re2 Ng6 28.
Bxg6 Bxg6 29. Qf3 Qb4 30. Re6 Qxb2+ 31. Ne2 Kg7 32. Kh1 Bf6 33. Ng3 Qc2 34. Ne4
Rf8 35. Nxf6 Rxf6 36. Rfe1 Qxc4 37. Rxf6 Kxf6 38. d6 Qd4 39. Qxb7 Qxd6 40. Qb2+
Qd4 41. Qb6+ Kg7 42. Qc7+ Bf7 43. Qe5+ Qxe5 44. Rxe5 Bb3 45. a5 c4 46. Re6 c3
47. Rxa6 c2 48. Ra7+ Kf6 49. Rc7 Ke5 50. a6 Kd4 51. a7 Bc4 52. a8=Q c1=Q+ 53.
Kh2 Qd2+ 54. Qg2 Qe3 55. Qb2+ Kd5 56. Qb7+ Kd4 57. Qa7+ Kd3 58. Qa3+ Ke2 59.
Qb2+ Kf1 60. Qg2+ Ke1 61. Rxc4 f3 62. Qg3+ Kd2 63. Qd6+ Ke1 64. Qb4+ Kf1 65.
Qb1+ Qe1 66. Rc1 f2 67. Qd3# 1-0

[Event "OLOB 1920 Wiesbadener SV 1885 - SK Marb"]
[Site "?"]
[Date "2020.02.29"]
[Round "8.5"]
[White "Duncker, Joachim"]
[Black "Minor, Samuel"]
[Result "0-1"]
[WhiteElo "2201"]
[BlackElo "2244"]
[PlyCount "58"]
[EventDate "2020.??.??"]

{[%evp 0,47,19,23,46,46,128,63,38,39,28,9,32,15,16,11,1,19,21,-22,-20,-38,2,
-18,-3,-15,-10,-45,-40,-18,-10,-10,-30,-29,-33,-19,-4,-6,0,-12,-16,-24,0,0,0,
-14,38,-11,126,143]} 1. e4 c5 2. Nc3 g6 3. f4 Bg7 4. Nf3 Nc6 5. Bb5 Nd4 6. O-O
Nxb5 7. Nxb5 d5 8. e5 d4 9. d3 Nh6 10. Qe1 a5 11. a4 O-O 12. Nd2 f6 13. exf6
exf6 14. Nc4 Ra6 15. Bd2 Re6 16. Qf2 b6 17. Rae1 f5 18. Qf3 Ng4 19. Rxe6 Bxe6
20. Nbd6 Rf6 21. h3 Nh6 22. Re1 Nf7 23. Qc6 Bd7 24. Nxf7 Rxf7 25. Qd5 Kf8 26.
Qd6+ Kg8 27. Qd5 Kf8 28. Qd6+ Kg8 29. Nxb6 Bf8 0-1

[Event "OLOB 1920 Wiesbadener SV 1885 - SK Marb"]
[Site "?"]
[Date "2020.02.29"]
[Round "8.6"]
[White "Ochs, Daniel Elias"]
[Black "Nekhamkis, Genadi"]
[Result "1/2-1/2"]
[WhiteElo "2068"]
[BlackElo "2100"]
[PlyCount "96"]
[EventDate "2020.??.??"]

1. d4 f5 2. Bg5 g6 3. Nc3 d5 4. h4 Bg7 5. e3 Be6 6. Nf3 Qd7 7. Bf4 h6 8. Ne5
Bxe5 9. Bxe5 Nf6 10. Be2 Nc6 11. Bf4 a6 12. Qd2 Kf7 13. Bg3 b5 14. f3 Na5 15.
b3 Nb7 16. a4 c6 17. Kf2 Nd6 18. Bd3 g5 19. hxg5 hxg5 20. Be5 b4 21. Ne2 a5 22.
Ng3 Rag8 23. Rxh8 Rxh8 24. Rh1 Rxh1 25. Nxh1 Qc8 26. c3 c5 27. cxb4 c4 28. Bc2
cxb3 29. Bd3 axb4 30. Qxb4 Qc1 31. Ng3 Nc4 32. Nf1 b2 33. Bxf6 Kxf6 34. Ke2 Bd7
35. a5 Bc8 36. Qb8 Nd6 37. Nd2 Qa1 38. Qb6 Qa2 39. a6 Bxa6 40. Bxa6 b1=Q 41.
Qxb1 Qxa6+ 42. Qd3 Qa1 43. Qb1 Qa5 44. Qb8 Qa6+ 45. Ke1 Qd3 46. Nf1 Nf7 47.
Qb6+ e6 48. Qc7 Kg6 1/2-1/2

[Event "OLOB 1920 Wiesbadener SV 1885 - SK Marb"]
[Site "?"]
[Date "2020.02.29"]
[Round "8.7"]
[White "Yaghy, Ritta"]
[Black "Bakiev, Diyor"]
[Result "1-0"]
[WhiteElo "1965"]
[BlackElo "2118"]
[PlyCount "49"]
[EventDate "2020.??.??"]

{[%evp 0,42,20,23,74,63,74,31,41,50,39,39,75,40,41,28,32,28,13,-8,-1,-26,-26,
-17,-17,-57,103,34,34,8,211,134,252,283,283,320,358,362,815,817,817,834,839,
839,1780]} 1. e4 c6 2. d4 d5 3. Nc3 dxe4 4. Nxe4 Bf5 5. Ng3 Bg6 6. h4 h6 7. Bc4
e6 8. N1e2 Nf6 9. Nf4 Bh7 10. c3 Bd6 11. Nfh5 O-O 12. Rh3 e5 13. Nxf6+ Qxf6 14.
Nh5 Qe7 15. Qg4 g6 16. Bxh6 exd4+ 17. Kf1 Nd7 18. Qxd7 gxh5 19. Rg3+ Bg6 20.
Rxg6+ Kh7 21. Qxd6 Qxh4 22. Rg7+ Kh8 23. Kg1 dxc3 24. Bg5 Kxg7 25. Bxh4 1-0

[Event "OLOB 1920 Wiesbadener SV 1885 - SK Marb"]
[Site "?"]
[Date "2020.02.29"]
[Round "8.8"]
[White "Ungurean, Florin-Ioan"]
[Black "Hein, Lennart"]
[Result "0-1"]
[WhiteElo "1990"]
[BlackElo "1867"]
[PlyCount "126"]
[EventDate "2020.??.??"]

{[%evp 49,49,1956]} 1. d4 Nf6 2. Nf3 e6 3. Bf4 c5 4. e3 Nh5 5. Bg3 Nxg3 6. hxg3
b6 7. c3 Bb7 8. Bd3 g6 9. Nbd2 Bg7 10. Qe2 O-O 11. Rd1 cxd4 12. exd4 d6 13. a4
Nc6 14. O-O Re8 15. Rfe1 Qc7 16. Ba6 Rad8 17. Bxb7 Qxb7 18. g4 a6 19. g5 d5 20.
Ne5 Nxe5 21. dxe5 b5 22. a5 b4 23. Ra1 bxc3 24. bxc3 h6 25. gxh6 Bxh6 26. Nf3
Rb8 27. Nh2 Qb5 28. Qf3 Qc5 29. Ng4 Bg7 30. Re3 Rb3 31. Ra4 Rb1+ 32. Kh2 Qe7
33. Qf4 Rc8 34. Rh3 Rc5 35. Nf6+ Kf8 36. Qh4 Rc4 37. Rxc4 dxc4 38. Qe4 Rb8 39.
Qf4 Rc8 40. Rh7 Qc7 41. g3 Qxa5 42. Qh4 Qc7 43. Ng4 Qd8 44. Qh3 Qg5 45. f4 Qd8
46. Qg2 Kg8 47. Rh4 Qd5 48. Qa2 Rd8 49. Qa3 Qf3 50. Nf6+ Bxf6 51. exf6 Qf1 52.
Qb2 Qd1 53. Kh3 Qh1+ 54. Kg4 Qe4 55. Kh3 Qh1+ 56. Kg4 Qe4 57. Kh3 Qf5+ 58. Rg4
Qxf6 59. Qb6 Kg7 60. Rh4 Qf5+ 61. Kg2 Rd2+ 62. Kf3 Qd3+ 63. Kg4 f5+ 0-1

[Event "OLOB 1920 SG BW Stadtilm - SK 1980 Gern"]
[Site "?"]
[Date "2020.02.29"]
[Round "8.1"]
[White "Mazurek, Robert"]
[Black "Kuznecovs, Nikita"]
[Result "1-0"]
[WhiteElo "2215"]
[BlackElo "2292"]
[PlyCount "87"]
[EventDate "2020.??.??"]

{[%evp 0,30,32,32,25,6,19,41,57,43,46,44,43,37,33,25,79,46,39,30,18,51,9,-19,
19,19,12,-19,-3,18,14,3,35]} 1. d4 Nf6 2. c4 c5 3. d5 g6 4. Nc3 Bg7 5. e4 d6 6.
Be2 O-O 7. f4 e6 8. Nf3 exd5 9. cxd5 Re8 10. e5 dxe5 11. fxe5 Ng4 12. e6 fxe6
13. d6 Nc6 14. O-O Nd4 15. Ne4 Nf5 16. Bg5 Qd7 17. Qb3 Qc6 18. Bb5 Qxe4 19.
Rae1 Qb4 20. Qxb4 cxb4 21. Bxe8 Nxd6 22. Ba4 b5 23. Bb3 Nc4 24. h3 Nge5 25.
Nxe5 Nxe5 26. Bf6 Bxf6 27. Rxf6 Kg7 28. Rff1 Nc4 29. Bxc4 bxc4 30. Rf4 c3 31.
bxc3 bxc3 32. Rc4 Kf6 33. Rxc3 Bb7 34. a4 Bd5 35. Rb1 h5 36. a5 a6 37. Rb6 Ke5
38. Re3+ Kf4 39. Kf2 g5 40. g3+ Kf5 41. Rc3 Ke4 42. Rb4+ Ke5 43. Re3+ Kf6 44.
Rb6 1-0

[Event "OLOB 1920 SG BW Stadtilm - SK 1980 Gern"]
[Site "?"]
[Date "2020.02.29"]
[Round "8.2"]
[White "Siebarth, Raiko"]
[Black "Dietz, Holger"]
[Result "1/2-1/2"]
[WhiteElo "2332"]
[BlackElo "2287"]
[PlyCount "144"]
[EventDate "2020.??.??"]

{[%evp 0,92,27,13,56,54,56,50,105,72,47,67,107,80,58,72,86,74,94,99,93,77,73,
33,28,7,9,11,22,2,8,7,62,15,9,-2,0,0,-5,-34,-50,-44,-44,-30,-9,-3,-3,-7,-10,
-27,-34,-37,-34,-43,11,-70,-50,-42,-61,-59,5,-67,-67,-70,-62,-140,-149,-141,
-147,-141,-154,-141,-141,-141,-141,-141,-104,-99,-92,-121,-116,-119,-111,-108,
-117,-117,-25,-62,-28,-21,-38,-50,-80,-102,-104]} 1. e4 c6 2. d4 d5 3. e5 c5 4.
dxc5 Nc6 5. Nf3 Bg4 6. Bb5 e6 7. b4 Qc7 8. O-O Bxf3 9. Qxf3 Qxe5 10. c3 Nf6 11.
Be3 Be7 12. Bd4 Qc7 13. Re1 O-O 14. Bxc6 Qxc6 15. Nd2 Nd7 16. Nb3 Bf6 17. Rac1
e5 18. Be3 e4 19. Qe2 Ne5 20. Red1 Nd3 21. Rc2 Be5 22. Nc1 Nxc1 23. Rcxc1 Rad8
24. f4 Bf6 25. Bd4 Bxd4+ 26. Rxd4 b6 27. cxb6 axb6 28. Qd2 b5 29. Rd1 h6 30. g3
Rfe8 31. Kg2 e3 32. Qe2 Qxc3 33. R1d3 Qc1 34. Rd1 Qc6 35. R1d3 Qc1 36. Rd1 Qc6
37. R1d3 Ra8 38. a3 Qc1 39. Rxd5 Rxa3 40. Rxa3 Qxa3 41. Rxb5 Qa8+ 42. Kh3 f6
43. Rc5 Qe4 44. b5 Kh7 45. Rc3 Re7 46. Rc1 g5 47. Rf1 Kg6 48. f5+ Kh7 49. b6
Rg7 50. Qg4 Qd3 51. Re1 Re7 52. Qf3 Qb3 53. b7 Qxb7 54. Qxb7 Rxb7 55. Rxe3 h5
56. g4 Rb4 57. gxh5 Rf4 58. Kg3 Kh6 59. Re8 Rxf5 60. h4 Kxh5 61. hxg5 Rxg5+ 62.
Kf4 Ra5 63. Rg8 Rb5 64. Rg1 Rg5 65. Rxg5+ fxg5+ 66. Kg3 g4 67. Kg2 Kh4 68. Kh2
g3+ 69. Kg2 Kg4 70. Kg1 Kf3 71. Kf1 g2+ 72. Kg1 Kg3 1/2-1/2

[Event "OLOB 1920 SG BW Stadtilm - SK 1980 Gern"]
[Site "?"]
[Date "2020.02.29"]
[Round "8.3"]
[White "Hebbering, Tom Elliot"]
[Black "Schneider, Christian"]
[Result "1-0"]
[WhiteElo "2228"]
[BlackElo "2216"]
[PlyCount "71"]
[EventDate "2020.??.??"]

{[%evp 0,30,27,32,32,-14,6,-24,-24,-24,11,-5,-11,16,26,-15,-19,0,-2,-11,-9,1,8,
-27,-11,10,19,-4,0,-11,2,2,24]} 1. d4 Nf6 2. c4 e6 3. g3 d5 4. Nf3 Be7 5. Bg2
O-O 6. O-O dxc4 7. Qc2 a6 8. a4 Bd7 9. Qxc4 Bc6 10. Bf4 Bd6 11. Qc1 Bxf4 12.
Qxf4 Qd6 13. Qc1 a5 14. Rd1 Na6 15. Nc3 Nb4 16. Qd2 Rfd8 17. Rac1 Qe7 18. Qg5
h6 19. Qh4 Qf8 20. Ne5 Bxg2 21. Kxg2 c6 22. e4 Nd7 23. Nc4 e5 24. dxe5 Nc5 25.
Rd6 Re8 26. Rcd1 Re6 27. Qf4 Rae8 28. Qe3 Nba6 29. f4 R6e7 30. Nxa5 f6 31. b4
Ne6 32. f5 Nec7 33. e6 Nxb4 34. Qb6 Nca6 35. Ne2 Rc7 36. Nc4 1-0

[Event "OLOB 1920 SG BW Stadtilm - SK 1980 Gern"]
[Site "?"]
[Date "2020.02.29"]
[Round "8.4"]
[White "Siebarth, Marco"]
[Black "Mueller, Maximilian"]
[Result "1/2-1/2"]
[WhiteElo "2018"]
[BlackElo "2305"]
[PlyCount "90"]
[EventDate "2020.??.??"]

{[%evp 0,30,32,13,45,33,93,45,40,39,35,45,45,45,42,45,43,20,61,54,94,23,71,71,
99,43,76,70,70,7,-14,-12,8]} 1. e4 c5 2. Nf3 a6 3. c4 e6 4. Nc3 Nc6 5. d4 cxd4
6. Nxd4 Qc7 7. Be3 Nf6 8. a3 h5 9. Be2 Ne5 10. Bf4 Nd3+ 11. Qxd3 Qxf4 12. Qg3
Bd6 13. Qxf4 Bxf4 14. h4 b6 15. g3 Be5 16. O-O-O Bb7 17. f4 Bc7 18. Bf3 Ng4 19.
Bxg4 hxg4 20. Rhg1 Rc8 21. Nc2 Ke7 22. Ne3 Bd6 23. Nxg4 b5 24. Kb1 Rxc4 25.
Rxd6 Kxd6 26. Ne5 Rxc3 27. Rd1+ Kc7 28. bxc3 f6 29. Nf7 Bxe4+ 30. Kb2 Rh5 31.
Nd6 Bg6 32. c4 Rc5 33. cxb5 axb5 34. g4 Kb6 35. h5 Bh7 36. Ne8 Rc2+ 37. Ka1 Rg2
38. Nxg7 Rxg4 39. Rxd7 e5 40. fxe5 fxe5 41. Ne6 Bf5 42. Rd6+ Ka5 43. Kb2 Rg2+
44. Kb3 Rg3+ 45. Kb2 Rg2+ 1/2-1/2

[Event "OLOB 1920 SG BW Stadtilm - SK 1980 Gern"]
[Site "?"]
[Date "2020.02.29"]
[Round "8.5"]
[White "Schupp, Uwe"]
[Black "Mehlhorn, Uwe"]
[Result "1-0"]
[WhiteElo "2096"]
[BlackElo "2073"]
[PlyCount "91"]
[EventDate "2020.??.??"]

{[%evp 0,47,35,-12,37,14,14,-6,36,11,11,4,-4,-24,3,3,17,-1,24,12,19,7,4,15,15,
5,14,25,15,28,28,35,42,39,49,26,26,27,27,29,29,42,47,53,72,68,80,85,108,71]} 1.
g3 g6 2. Bg2 Bg7 3. c4 c5 4. Nc3 Nc6 5. a3 Nf6 6. Rb1 a5 7. d3 O-O 8. Nf3 d6 9.
O-O Rb8 10. Ne1 Bd7 11. Nc2 Qc8 12. Re1 Nd4 13. Bg5 Re8 14. Nxd4 cxd4 15. Bxf6
Bxf6 16. Nd5 Bg7 17. Nb6 Qc7 18. Nxd7 Qxd7 19. b4 b6 20. Qb3 Qc7 21. Rb2 e6 22.
Reb1 axb4 23. Qxb4 Bf8 24. Qb3 Be7 25. a4 Qa7 26. Qb5 Kg7 27. Qb3 Rec8 28. Qa2
Rc5 29. Rb5 Rxb5 30. Rxb5 Rf8 31. a5 Bd8 32. a6 f5 33. Bb7 Rf7 34. Qb2 e5 35.
Rd5 Bc7 36. Qb5 Bb8 37. Qc6 Rc7 38. Qe8 Rxb7 39. axb7 Qxb7 40. Qd8 Qc7 41.
Qxc7+ Bxc7 42. f4 exf4 43. gxf4 Kf6 44. Kg2 g5 45. fxg5+ Kxg5 46. Kf3 1-0

[Event "OLOB 1920 SG BW Stadtilm - SK 1980 Gern"]
[Site "?"]
[Date "2020.02.29"]
[Round "8.6"]
[White "Neubauer, Andreas"]
[Black "Peterson, Emery"]
[Result "0-1"]
[WhiteElo "2151"]
[BlackElo "2169"]
[PlyCount "120"]
[EventDate "2020.??.??"]

{[%evp 0,37,32,35,45,23,23,12,27,23,19,27,17,2,-6,-9,-12,-18,19,11,14,-1,-2,8,
17,6,12,28,47,29,72,73,105,106,131,83,92,20,32,30]} 1. Nf3 e6 2. g3 d5 3. Bg2
b6 4. O-O Nf6 5. d3 Bb7 6. Nbd2 Be7 7. Re1 O-O 8. e4 c6 9. e5 Ne8 10. Nf1 Nc7
11. c3 Nd7 12. Bf4 Re8 13. h4 Nf8 14. h5 f5 15. exf6 Bxf6 16. d4 Nb5 17. g4 Nd6
18. Bxd6 Qxd6 19. g5 Bd8 20. Qd2 Nd7 21. Bh3 Bc7 22. Qe3 Re7 23. N1h2 Rf8 24.
Ng4 Rf4 25. h6 Re4 26. Qd2 c5 27. Nfe5 Nxe5 28. Nxe5 Rf7 29. Rxe4 dxe4 30. Bg2
Rf5 31. Qe3 Qe7 32. g6 Bxe5 33. gxh7+ Kxh7 34. dxe5 gxh6 35. Bxe4 Qg7+ 36. Kf1
Bxe4 37. Qxe4 Qxe5 38. Re1 Qxe4 39. Rxe4 e5 40. Re3 Kg6 41. Rd3 h5 42. Rd6+ Rf6
43. Rd8 e4 44. Re8 Kf5 45. Rh8 Kg4 46. Ke2 h4 47. Rg8+ Kh3 48. Rg7 a5 49. Rg1
Rf4 50. Rg6 Rg4 51. Rxb6 Kg2 52. Rc6 Rg5 53. Re6 h3 54. Rxe4 h2 55. Rh4 h1=Q
56. Rxh1 Kxh1 57. b3 Kg1 58. a3 Rf5 59. b4 cxb4 60. cxb4 a4 0-1

[Event "OLOB 1920 SG BW Stadtilm - SK 1980 Gern"]
[Site "?"]
[Date "2020.02.29"]
[Round "8.7"]
[White "Neumann, Martin"]
[Black "Dittrich, Tom"]
[Result "1-0"]
[WhiteElo "2093"]
[BlackElo "1900"]
[PlyCount "73"]
[EventDate "2020.??.??"]

{[%evp 0,32,27,27,32,-6,32,12,21,21,37,37,53,21,40,14,57,-21,-21,-17,18,-17,22,
-63,32,8,2,-8,-12,-11,11,19,37,28,35]} 1. d4 Nf6 2. Bg5 e6 3. e4 h6 4. Bxf6
Qxf6 5. Nf3 d6 6. e5 Qd8 7. Bd3 c5 8. O-O cxd4 9. exd6 Bxd6 10. Nxd4 O-O 11. c3
a6 12. Nd2 Qc7 13. h3 Nc6 14. Nxc6 bxc6 15. Nc4 Bf4 16. Qf3 Bb7 17. Qe4 g6 18.
Na5 Rad8 19. Nxb7 Qxb7 20. Bxa6 Qc7 21. a4 Rd2 22. b4 Rfd8 23. Be2 Qe5 24. Bf3
Qxe4 25. Bxe4 Be5 26. Rfc1 Rc8 27. a5 Rd7 28. Ra3 Ra7 29. Rb1 Kf8 30. Kf1 Ke7
31. Ke2 Kd7 32. c4 Bc7 33. Rd1+ Ke7 34. Bxc6 Bxa5 35. Bb5 Bb6 36. Rxa7+ Bxa7
37. Rd7+ 1-0

[Event "OLOB 1920 SV Empor Erfurt - FB Mörlenb"]
[Site "?"]
[Date "2020.02.29"]
[Round "8.1"]
[White "Kunin, Vitaly"]
[Black "Teske, Henrik"]
[Result "1-0"]
[WhiteElo "2550"]
[BlackElo "2472"]
[PlyCount "63"]
[EventDate "2020.??.??"]

{[%evp 0,26,18,27,27,-16,-14,-3,4,6,23,6,0,23,31,25,24,17,17,20,13,-4,28,12,24,
39,32,0,2]} 1. d4 Nf6 2. c4 e6 3. Nf3 d5 4. Nc3 a6 5. cxd5 exd5 6. Bg5 Be6 7.
e3 Nbd7 8. Bd3 Bd6 9. O-O O-O 10. Qb1 h6 11. Bf4 Qe7 12. Bxd6 Qxd6 13. b4 Nb6
14. h3 Rfe8 15. a4 Nc4 16. Bxc4 dxc4 17. e4 Qf4 18. Qc1 Nh5 19. Qe3 Rad8 20. g4
Qxe3 21. fxe3 Nf6 22. Kh2 b6 23. g5 hxg5 24. Nxg5 Nh7 25. Nxh7 Kxh7 26. d5 Bc8
27. Rxf7 Rd7 28. Raf1 Kg6 29. Rf8 Rde7 30. Rg1+ Kh7 31. Rxe8 Rxe8 32. Rg5 1-0

[Event "OLOB 1920 SV Empor Erfurt - FB Mörlenb"]
[Site "?"]
[Date "2020.02.29"]
[Round "8.2"]
[White "Langheinrich, Ferenc"]
[Black "Galdunts, Sergey"]
[Result "1/2-1/2"]
[WhiteElo "2364"]
[BlackElo "2414"]
[PlyCount "23"]
[EventDate "2020.??.??"]

{[%evp 0,23,16,-12,-6,-27,-16,-59,-20,-24,-5,-27,12,-11,20,-15,3,-21,-19,-25,9,
-27,2,-22,-13,-27]} 1. c4 e6 2. g3 d5 3. Bg2 Nf6 4. Nf3 Be7 5. O-O O-O 6. d4
dxc4 7. Qc2 a6 8. Qxc4 b5 9. Qc2 Bb7 10. Bd2 Be4 11. Qc1 Bb7 12. Qc2 1/2-1/2

[Event "OLOB 1920 SV Empor Erfurt - FB Mörlenb"]
[Site "?"]
[Date "2020.02.29"]
[Round "8.3"]
[White "Legde, Georg"]
[Black "Friedrich, Wiede"]
[Result "1/2-1/2"]
[WhiteElo "2333"]
[BlackElo "2330"]
[PlyCount "33"]
[EventDate "2020.??.??"]

{[%evp 0,27,33,39,64,41,89,23,23,12,23,21,28,31,30,41,45,-34,22,-32,-36,7,38,
31,24,33,35,34,32,38]} 1. Nf3 g6 2. d4 Bg7 3. g3 Nf6 4. Bg2 O-O 5. c4 d6 6. O-O
c6 7. Nc3 Bf5 8. Ne1 e5 9. d5 cxd5 10. cxd5 Na6 11. e4 Bd7 12. Nd3 Qa5 13. a3
Rfc8 14. Bd2 Nc5 15. Nxc5 Qxc5 16. Qe2 h5 17. Rfc1 1/2-1/2

[Event "OLOB 1920 SV Empor Erfurt - FB Mörlenb"]
[Site "?"]
[Date "2020.02.29"]
[Round "8.4"]
[White "Michalowski, Peter"]
[Black "Dittmar, Peter"]
[Result "1/2-1/2"]
[WhiteElo "2107"]
[BlackElo "2240"]
[PlyCount "44"]
[EventDate "2020.??.??"]

{[%evp 0,38,39,18,50,26,71,19,19,23,24,19,11,13,23,7,24,31,36,18,40,29,47,37,
112,79,166,70,117,68,72,71,103,44,37,-10,-25,-59,2,-17,18]} 1. e4 e6 2. d4 d5
3. Nc3 Bb4 4. exd5 exd5 5. Bd3 Nc6 6. a3 Bxc3+ 7. bxc3 Nge7 8. Rb1 b6 9. Qf3
Be6 10. Ne2 Qd7 11. Ng3 h5 12. Nxh5 O-O-O 13. h3 Rdg8 14. Be3 Nf5 15. g4 Nd6
16. Ng3 Na5 17. Rb4 Kb8 18. Nf5 Ndc4 19. Bc1 Bxf5 20. Qxf5 Re8+ 21. Kf1 Re6 22.
Kg2 g6 1/2-1/2

[Event "OLOB 1920 SV Empor Erfurt - FB Mörlenb"]
[Site "?"]
[Date "2020.02.29"]
[Round "8.5"]
[White "Felgendreher, Heiko"]
[Black "Reucker, Friedrich"]
[Result "1-0"]
[WhiteElo "2186"]
[BlackElo "2046"]
[PlyCount "51"]
[EventDate "2020.??.??"]

{[%evp 0,37,39,33,69,69,50,60,60,10,19,12,12,-14,13,-18,22,-9,49,-7,-7,-22,-2,
-3,24,-4,36,56,37,12,85,101,83,63,174,169,194,253,384,382]} 1. e4 c6 2. d4 d5
3. exd5 cxd5 4. c4 Nf6 5. Nc3 Nc6 6. Bg5 Ne4 7. Nxe4 dxe4 8. d5 f6 9. Be3 Ne5
10. Qb3 Qa5+ 11. Bd2 Qc7 12. f4 exf3 13. Nxf3 Nxf3+ 14. Qxf3 e6 15. O-O-O Bd6
16. Bd3 b5 17. dxe6 bxc4 18. Bc2 Rb8 19. Qh5+ Kf8 20. Ba5 Bf4+ 21. Kb1 Rxb2+
22. Kxb2 Qb7+ 23. Bb3 Qxg2+ 24. Ka3 g6 25. Qc5+ Kg7 26. Qxc4 1-0

[Event "OLOB 1920 SV Empor Erfurt - FB Mörlenb"]
[Site "?"]
[Date "2020.02.29"]
[Round "8.6"]
[White "Nicolai, Tim"]
[Black "Boehmer, Christian"]
[Result "1/2-1/2"]
[WhiteElo "1945"]
[BlackElo "2163"]
[PlyCount "58"]
[EventDate "2020.??.??"]

{[%evp 0,39,18,35,95,75,91,3,66,56,90,66,67,53,34,6,15,37,70,64,69,72,72,47,25,
25,77,66,105,96,115,59,65,61,78,58,80,83,81,38,74,83]} 1. e4 d6 2. Nc3 Nf6 3.
f4 Nbd7 4. Nf3 e5 5. Bc4 Be7 6. O-O O-O 7. d3 c6 8. a4 Nc5 9. b4 Nxa4 10. Nxa4
b5 11. Bb3 bxa4 12. Rxa4 exf4 13. Bxf4 d5 14. e5 Nd7 15. Qd2 f6 16. exf6 Bxf6
17. Kh1 Nb6 18. Ra5 Be6 19. c3 Qd7 20. Be3 d4 21. Bxe6+ Qxe6 22. Nxd4 Bxd4 23.
Rxf8+ Rxf8 24. Bxd4 Rf1+ 25. Bg1 Nd5 26. Rxa7 h6 27. h3 Nf4 28. Qa2 Nd5 29. Qd2
Nf4 1/2-1/2

[Event "OLOB 1920 SV Empor Erfurt - FB Mörlenb"]
[Site "?"]
[Date "2020.02.29"]
[Round "8.7"]
[White "Schaefer, Michael"]
[Black "Pichl, Michael"]
[Result "1-0"]
[WhiteElo "2158"]
[BlackElo "2032"]
[PlyCount "55"]
[EventDate "2020.??.??"]

{[%evp 0,55,35,20,60,77,104,71,84,53,53,15,31,25,29,-26,-26,-46,-4,-21,-5,-4,6,
-10,-3,1,371,350,369,344,348,348,385,329,329,267,335,313,311,215,215,207,239,
229,235,236,228,227,222,185,222,232,263,236,794,808,856,863]} 1. d4 g6 2. e4 c5
3. d5 d6 4. Bd2 Nf6 5. Bc3 Bg7 6. Nd2 O-O 7. Be2 e6 8. dxe6 Bxe6 9. Ngf3 Nc6
10. O-O d5 11. exd5 Nxd5 12. Bxg7 Ne3 13. fxe3 Kxg7 14. Ne4 Qe7 15. Qd2 b6 16.
Qc3+ f6 17. Rad1 Rad8 18. Bb5 Nb4 19. a3 Nd5 20. Qe1 Bf5 21. c4 Qxe4 22. cxd5
Rxd5 23. Rxd5 Qxd5 24. Qd2 Qb3 25. Bc6 Bd3 26. Rc1 c4 27. Nd4 Qa2 28. Ne6+ 1-0

[Event "OLOB 1920 SV Empor Erfurt - FB Mörlenb"]
[Site "?"]
[Date "2020.02.29"]
[Round "8.8"]
[White "Bergmann, Harald"]
[Black "Wohlfart, Paulus"]
[Result "0-1"]
[WhiteElo "1767"]
[BlackElo "2083"]
[PlyCount "50"]
[EventDate "2020.??.??"]

{[%evp 0,15,35,18,55,45,101,31,48,48,73,36,45,32,104,25,92,74]} 1. e4 c5 2. Nc3
a6 3. g3 b5 4. Bg2 Bb7 5. Nh3 Nf6 6. O-O e6 7. d3 d5 8. exd5 Nxd5 9. Nxd5 Bxd5
10. Bxd5 Qxd5 11. Nf4 Qd8 12. Qg4 Nd7 13. Re1 Nf6 14. Qf3 Ra7 15. Bd2 Be7 16.
Qc6+ Qd7 17. Qxd7+ Rxd7 18. Rad1 O-O 19. f3 Rfd8 20. Ba5 Rc8 21. a3 b4 22. Ne2
Rb8 23. axb4 cxb4 24. c3 Nd5 25. Nd4 Bc5 0-1

[Event "OLOB 1920 SV Medizin Erfurt - SV Oberur"]
[Site "?"]
[Date "2020.03.01"]
[Round "9.1"]
[White "Margolin, Boris"]
[Black "Jakob, Matthias"]
[Result "1-0"]
[WhiteElo "2401"]
[BlackElo "2118"]
[PlyCount "47"]
[EventDate "2020.??.??"]

{[%evp 0,31,20,20,84,37,75,37,43,42,68,68,78,64,78,91,93,61,70,55,91,69,106,90,
115,107,130,130,196,187,173,161,170,171]} 1. d4 Nc6 2. Nf3 d6 3. Bf4 Nf6 4. Nc3
e6 5. e4 a6 6. Be2 Be7 7. d5 e5 8. Be3 Nb8 9. h3 c6 10. a4 a5 11. Nd2 O-O 12.
Nc4 c5 13. O-O Nfd7 14. f4 f6 15. Bg4 Nb6 16. Nxb6 Qxb6 17. Be6+ Kh8 18. f5 Na6
19. Ra3 Qd8 20. Rf3 Nc7 21. Rg3 Ne8 22. Qh5 Ra6 23. Rg4 Bxe6 24. dxe6 1-0

[Event "OLOB 1920 SV Medizin Erfurt - SV Oberur"]
[Site "?"]
[Date "2020.03.01"]
[Round "9.2"]
[White "Nguyen, Huy Dat"]
[Black "Heinz, Axel"]
[Result "0-1"]
[WhiteElo "2176"]
[BlackElo "2441"]
[PlyCount "80"]
[EventDate "2020.??.??"]

{[%evp 0,35,20,23,29,32,22,22,17,0,-2,17,0,2,12,-41,-25,-39,5,3,19,-64,-66,-66,
-51,-20,-15,-49,-48,-77,-73,-76,-69,-61,-41,-90,-80,-135]} 1. e4 e5 2. Nf3 Nc6
3. Bb5 a6 4. Ba4 Nf6 5. d3 b5 6. Bb3 Bc5 7. c3 d6 8. h3 Bb6 9. O-O O-O 10. d4
Bb7 11. Re1 h6 12. d5 Ne7 13. Nbd2 Nd7 14. Nf1 f5 15. Ng3 f4 16. Nf1 Kh8 17.
Bc2 Nf6 18. g4 c6 19. dxc6 Bxc6 20. N1h2 Qd7 21. Kg2 Rad8 22. g5 Nh7 23. a4
hxg5 24. Ng4 Ng8 25. axb5 axb5 26. Bd2 Ngf6 27. Nfh2 Rfe8 28. c4 bxc4 29. Bc3
Nf8 30. Qe2 Ng6 31. Red1 f3+ 32. Nxf3 Nf4+ 33. Kf1 Nxe2 34. Kxe2 Bxe4 35. Bxe4
Nxe4 36. Kf1 Qf5 37. Nfxe5 dxe5 38. Rxd8 Rxd8 39. Bxe5 Nxf2 40. Bxg7+ Kxg7 0-1

[Event "OLOB 1920 SV Medizin Erfurt - SV Oberur"]
[Site "?"]
[Date "2020.03.01"]
[Round "9.3"]
[White "Dubiel, Jacek"]
[Black "Wehner, Janis"]
[Result "1/2-1/2"]
[WhiteElo "2417"]
[BlackElo "2128"]
[PlyCount "90"]
[EventDate "2020.??.??"]

{[%evp 0,35,20,22,71,61,52,17,42,26,19,47,39,35,47,25,31,15,-9,-23,-5,8,8,8,0,
19,19,-9,68,48,47,42,45,38,127,81,111,90]} 1. e4 c5 2. Nf3 Nc6 3. d4 cxd4 4.
Nxd4 Nf6 5. Nc3 e5 6. Ndb5 d6 7. Bg5 a6 8. Na3 b5 9. Bxf6 gxf6 10. Nd5 Bg7 11.
Bd3 Be6 12. O-O f5 13. Qh5 f4 14. c4 b4 15. Nc2 Rb8 16. b3 Rg8 17. Kh1 Bf6 18.
Be2 Rg5 19. Qxh7 Kf8 20. Rfd1 Rg8 21. Qh5 Rh8 22. Qf3 Bg7 23. h3 Rh4 24. Qd3
Qd7 25. Kg1 f5 26. Bf3 Kg8 27. Kf1 fxe4 28. Bxe4 f3 29. gxf3 Bxh3+ 30. Ke2 Rf8
31. Nb6 Rxe4+ 32. Qxe4 Qf7 33. Rh1 Nd4+ 34. Nxd4 exd4 35. Rxh3 Re8 36. Rg1
Rxe4+ 37. fxe4 Qf4 38. Rhg3 Qxe4+ 39. Kd2 d3 40. Rxg7+ Kh8 41. Rg8+ Kh7 42.
R1g7+ Kh6 43. Rg6+ Kh7 44. R8g7+ Kh8 45. Rg8+ Kh7 1/2-1/2

[Event "OLOB 1920 SV Medizin Erfurt - SV Oberur"]
[Site "?"]
[Date "2020.03.01"]
[Round "9.4"]
[White "Grund, Sebastian"]
[Black "Akbarinia, Sayed Arash"]
[Result "0-1"]
[WhiteElo "1875"]
[BlackElo "2374"]
[PlyCount "48"]
[EventDate "2020.??.??"]

{[%evp 0,40,34,20,23,20,20,-14,-16,-37,-28,-47,-7,21,37,-10,-9,-37,-25,-40,-44,
-102,-88,-108,-91,-81,-28,-100,33,13,46,-39,-13,-13,-13,-58,-31,-89,-79,-89,
-91,-123,-120]} 1. d4 d5 2. Nf3 Nf6 3. c4 e6 4. g3 dxc4 5. Qa4+ Nbd7 6. Bg2 a6
7. Qxc4 c5 8. O-O b5 9. Qc2 Bb7 10. e3 Rc8 11. Qe2 Qc7 12. a4 c4 13. Nbd2 Ne4
14. Ne5 Nxe5 15. dxe5 Nc5 16. axb5 axb5 17. f4 Be7 18. Kh1 Bxg2+ 19. Qxg2 O-O
20. e4 Rfd8 21. f5 Bf8 22. f6 Qb7 23. Ra3 Nd3 24. Qh3 Nxc1 0-1